|
|
|
|
| LEADER |
00744nam a22001817a 4500 |
| 020 |
|
|
|a 978 81 7012 180 2
|
| 074 |
|
|
|a 6399
|
| 082 |
|
|
|a 349.54 LAK'09
|
| 100 |
|
|
|a Laskminath,A
|9 934
|
| 245 |
|
|
|a Precedent in Indian law
|
| 250 |
|
|
|a ed.3
|
| 260 |
|
|
|a Lucknow
|b Eastern Book Company
|c 2009
|
| 300 |
|
|
|a xl,336p.
|
| 500 |
|
|
|a include bibliographical reference and index
|
| 653 |
|
|
|a Law
|a law in general
|a judicial precedent India
|
| 999 |
|
|
|c 1324
|d 1324
|
| 952 |
|
|
|0 0
|1 0
|2 udc
|4 0
|6 34954_LAK09
|7 0
|9 1753
|a NUALS
|b NUALS
|d 2009-10-27
|l 7
|o 349.54 LAK'09
|p 6399
|r 2017-09-16
|s 2017-09-12
|t 1
|w 2009-10-27
|y BK
|
| 952 |
|
|
|0 0
|1 0
|2 ddc
|4 0
|6 347_012000000000000_LAK091
|7 0
|9 1754
|a NUALS
|b NUALS
|c GEN
|d 2009-10-27
|l 5
|m 1
|o 347.012 LAK'09;1
|p 6400
|r 2018-11-14
|s 2018-11-09
|w 2009-10-27
|y BK
|